| 000 | 00743nam a22002297a 4500 | ||
|---|---|---|---|
| 005 | 20140425121437.0 | ||
| 010 | _aENG-109506 | ||
| 020 |
_c1195.00 _a9788125050179 |
||
| 035 | _aEN-93039 | ||
| 037 | _bDBAD/PUB | ||
| 082 | _a954.035 | ||
| 245 | 0 | 0 |
_aSelected works of C. Rajagopalachari / _cedited by Mahesh Rangarajan, N. Blakrishnan [and] Deepa Bhatnagar |
| 260 |
_aNew Delhi _bOrient Blakswan _c2014 |
||
| 270 |
_a1/24 Asaf Ali Road _bNew Delhi _e110002 |
||
| 300 |
_aV.1(xxvi,432p.) _c25cm(Hb) |
||
| 500 | _aIncludes bibliographical references and index | ||
| 505 | _aV.1-1907-21 | ||
| 700 | _aRangarajan, Mahesh | ||
| 700 | _aBalakrishnan, N. | ||
| 700 | _aBhatnagar, Deepa | ||
| 942 |
_2ddc _cEN _mSEL _h954.035 |
||
| 999 |
_c82838 _d82838 |
||